Vybrané teórie medzinárodnej migrácie

Predkladaná stať venuje pozornosť teóriám medzinárodnej migrácie. V úvode pristupujem k rozdeleniu jednotlivých teoretických prístupov, ktoré skúmajú migráciu do skupín na základe dvoch zvolených faktorov a síce faktorov, ktoré k migrácii vedú a úrovne rozhodovania migranta. Klasifikácia teórií na z...

ver descrição completa

Na minha lista:
Detalhes bibliográficos
Autor principal: Beňová, Zuzana, 1996-
Formato: Capítulo de Livro
Idioma:eslovaco
Assuntos:
Tags: Adicionar Tag
Sem tags, seja o primeiro a adicionar uma tag!

MARC

LEADER 00000naa$a2200000$$$4500
001 0290313
005 20240502074447.1
041 0 |a slo 
044 |a SK 
245 1 0 |a Vybrané teórie medzinárodnej migrácie  |c Zuzana Beňová 
520 |a Predkladaná stať venuje pozornosť teóriám medzinárodnej migrácie. V úvode pristupujem k rozdeleniu jednotlivých teoretických prístupov, ktoré skúmajú migráciu do skupín na základe dvoch zvolených faktorov a síce faktorov, ktoré k migrácii vedú a úrovne rozhodovania migranta. Klasifikácia teórií na základe týchto kritérií slúži aj ako základ pre nasledujúce časti state. V nich sa venuje explicitná pozornosť dvom teóriám medzinárodnej migrácie a síce neoklasickej teórií migrácie a teórii duálneho trhu práce. V stati sú uvedené primárne charakteristiky týchto dvoch prístupov a zároveň aj kritika, ktorej čelia. 
610 2 0 |a vzťahy medzinárodné 
610 2 0 |a migrácia 
610 2 0 |a trh práce 
100 1 |a Beňová, Zuzana, 1996-